| 000 | 01751nam a2200313 a 4500 | ||
|---|---|---|---|
| 001 | 000035949 | ||
| 003 | DO-SdBNP | ||
| 005 | 20240229073921.0 | ||
| 007 | ta | ||
| 008 | 111121s1999 dr ac gr 001 0dspa d | ||
| 040 |
_aDO-SdBNP _bspa _cBNPHU |
||
| 082 | 4 |
_a781.63 _bB333h _222 |
|
| 100 | 1 |
_aBatista Matos, Carlos _961974 |
|
| 245 | 1 | 0 |
_aHistoria y evolución del merengue / _cCarlos Batista Matos; prólogo, Andrés L. Mateo |
| 260 |
_aSanto Domigo : _b[BANINTER], _c1999 |
||
| 300 |
_a348 p. : _bil., retrs., fotogr. ; _c23 cm. |
||
| 500 | _aIncluye datos biográficos del autor. | ||
| 504 | _aBibliografía: p. 344- 346 | ||
| 505 | _aPrólogo. | ||
| 505 |
_aIntroducción. _tEl origen.-- _tMerengue típico.-- _tConjunto típico.-- _tEl genio de Luis Alberti o la venganza de Trujillo.-- _tLa big band.-- _tLos aportes del rey.-- _tLa revolución de Johnny Ventura.-- _tEl Combo Show _tEl sonido beduino.-- _tRegresan los Caballos.-- _tEl merengue melódico.-- _tLa mujer en el merengue.-- _tLa revolución electrónica.-- _tEl fenómeno de Juan Luis Guerra.-- _tEl sonido Coco Band.-- _tIndustria & Estudios.-- _tPuerto Rico se rinde.-- _tEl boom del merengue en Puerto Rico.-- _tQué sabe del merengue.-- _tBiografías.-- _tLos merengues del siglo XX.-- _tOrquestas del siglo XX.-- _tArreglos orquestales. _tBiografías.-- _tBibliografía. |
||
| 590 | _aInventariado 2022 / MF | ||
| 650 | 4 |
_980876 _aMúsica popular _zRepública Dominicana _xHistoria |
|
| 650 | 4 |
_974110 _aMerengue _xHistoria _zRepública Dominicana |
|
| 650 | 4 |
_91324 _aMerengue (música) _zRepública Dominicana |
|
| 650 | 4 |
_aMúsica popular dominicana _92541 |
|
| 700 | 1 |
_aMateo, Andrés L., _d 1946- _epról. _9776 |
|
| 910 | _aMFeliz/Validado. Control de calidad MFF | ||
| 942 |
_2ddc _cLBS1 |
||
| 999 |
_c35440 _d35440 |
||